000 00789nam a2200253Ia 4500
003 OSt
005 20221005024938.0
006 a|||||r|||| 00| 0
007 ta
008 221004b |||||||| |||| 00| 0 ara d
020 _a9770902519 (pbk)
_c240
024 _a40658
037 _b235, 12/03/2009, Nadwi Publications
_cTextual
040 _aCRL
_cCRL
_bara
041 _2ara
_aara
082 _aV4653,73(Q5), 28P2.1-.3
100 _aUsman Ahmad Au.
_9581256
245 0 _aTareekh al-yahood
260 _aCairo
_bMaktaba darul shiruk Misr
_c2002
650 _a JUDAISM
_9173779
650 _aISRAEL - HISTORY
_932161
942 _hV4653,73(Q5), 28P2.1-.3
_cTEXL
_2cc
999 _c933750
_d933750